[Event "Saarland-ch A 89th"]
[Site "Stennweiler"]
[Date "2014.04.15"]
[Round "5"]
[White "Bariani, Sebastien"]
[Black "Spektorov, Leonid"]
[Result "0-1"]
[WhiteElo "1801"]
[BlackElo "1830"]
[PlyCount "66"]
[EventDate "2014.04.11"]
[EventType "swiss"]
[EventRounds "9"]
[EventCountry "GER"]
[SourceTitle "EXT 2016"]
[Source "ChessBase"]
[SourceDate "2015.10.08"]
[SourceVersion "1"]
[SourceVersionDate "2015.10.08"]
[SourceQuality "1"]

1. e4 e6 2. d4 d5 3. Nc3 Bb4 4. e5 c5 5. a3 Bxc3+ 6. bxc3 Nc6 7. Qg4 Nge7 8. Nf3 Ng6 9. Bd3 Bd7 10. 0-0 cxd4 11. cxd4 Qc7 12. Ng5 Nce7 13. Be3 h6 14. Nh3 0-0-0 15. Qe2 f5 16. c4 Bc6 17. Rfc1 Qd7 18. Rab1 Rdf8 19. Qb2 Kd8 20. Qb4 f4 21. Bd2 Nh4 22. c5 g5 23. Qa5+ Ke8 24. Qxa7 Nhf5 25. Rb4 Kf7 26. Bxf5 Ra8 27. Qxa8 Rxa8 28. Bg4 Rxa3 29. g3 Rd3 30. Rc2 fxg3 31. fxg3 Nf5 32. Rb1 Rxd4 33. Rf1 Rxg4 0-1

[Event "Saarland-ch A 89th"]
[Site "Stennweiler"]
[Date "2014.04.13"]
[Round "3"]
[White "Bariani, Sebastien"]
[Black "Welter, Bernhard"]
[Result "1/2-1/2"]
[WhiteElo "1801"]
[BlackElo "1705"]
[PlyCount "33"]
[EventDate "2014.04.11"]
[EventType "swiss"]
[EventRounds "9"]
[EventCountry "GER"]
[SourceTitle "EXT 2016"]
[Source "ChessBase"]
[SourceDate "2015.10.08"]
[SourceVersion "1"]
[SourceVersionDate "2015.10.08"]
[SourceQuality "1"]

1. Nf3 Nf6 2. c4 g6 3. Nc3 Bg7 4. e4 d6 5. d4 0-0 6. Be2 Nbd7 7. 0-0 e5 8. Be3 exd4 9. Nxd4 Nc5 10. f3 Qe7 11. Bf2 Be6 12. Qc2 Nh5 13. Rfe1 Nf4 14. Nd5 Qg5 15. Nxf4 Qxf4 16. Rad1 Bd7 17. Nb5 1/2-1/2

[Event "Metz op-B 28th"]
[Site "Metz"]
[Date "2010.04.11"]
[Round "3"]
[White "Ringoir, Guy"]
[Black "Bariani, Sebastien"]
[Result "0-1"]
[WhiteElo "1873"]
[BlackElo "1828"]
[PlyCount "88"]
[EventDate "2010.04.10"]
[EventType "swiss"]
[EventRounds "9"]
[EventCountry "FRA"]
[SourceTitle "CBM 136 Extra"]
[Source "ChessBase"]
[SourceDate "2010.07.02"]
[SourceVersion "2"]
[SourceVersionDate "2010.07.15"]
[SourceQuality "1"]

1. e4 d5 2. exd5 Qxd5 3. Nf3 Bg4 4. Be2 Nc6 5. c4 Qd6 6. Nc3 a6 7. d4 0-0-0 8. d5 Bxf3 9. Bxf3 Ne5 10. Be2 Nf6 11. Qd4 Ned7 12. Be3 e5 13. Qa7 Qb4 14. a3 Qxb2 15. Rb1 Qxc3+ 16. Bd2 Qxd2+ 17. Kxd2 Nb6 18. Rxb6 cxb6 19. Rb1 Bc5 20. Rxb6 Bxb6 21. Qxb6 Rhe8 22. f3 Re7 23. d6 Rxd6+ 24. Qxd6 Rd7 25. Qxd7+ Kxd7 26. Kc3 a5 27. g3 Kd6 28. f4 exf4 29. gxf4 Kc5 30. Bf3 b6 31. h4 h6 32. Kd3 Ne8 33. Kc3 Nd6 34. Be2 Nf5 35. h5 Ng3 36. Bf3 g6 37. hxg6 fxg6 38. Kd3 h5 39. Bg2 h4 40. Bh3 Nh5 41. f5 gxf5 42. Bxf5 h3 43. Ke3 h2 44. Be4 Ng3 0-1

[Event "Saarland-ch B 85th"]
[Site "Homburg"]
[Date "2010.03.28"]
[Round "3"]
[White "Backes, Markus"]
[Black "Bariani, Sebastien"]
[Result "1/2-1/2"]
[WhiteElo "1566"]
[BlackElo "1582"]
[PlyCount "38"]
[EventDate "2010.03.28"]
[EventType "swiss"]
[EventRounds "9"]
[EventCountry "GER"]
[SourceTitle "EXT 2011"]
[Source "ChessBase"]
[SourceDate "2010.11.26"]
[SourceVersion "1"]
[SourceVersionDate "2010.11.26"]
[SourceQuality "1"]

1. e4 e5 2. Nf3 Nf6 3. Nc3 Bb4 4. d3 Nc6 5. Bd2 0-0 6. Be2 d6 7. 0-0 h6 8. a3 Bc5 9. Na4 Nd7 10. Nxc5 Nxc5 11. c3 f5 12. exf5 Bxf5 13. d4 exd4 14. cxd4 Ne4 15. Be3 Kh8 16. d5 Ne7 17. Qd4 Nf6 18. Bc4 Be4 19. Nh4 Ng6 1/2-1/2

[Event "Saarland-ch B 85th"]
[Site "Homburg"]
[Date "2010.03.28"]
[Round "1"]
[White "Bastian, Simon"]
[Black "Bariani, Sebastien"]
[Result "1-0"]
[WhiteElo "1469"]
[BlackElo "1582"]
[PlyCount "55"]
[EventDate "2010.03.28"]
[EventType "swiss"]
[EventRounds "9"]
[EventCountry "GER"]
[SourceTitle "EXT 2011"]
[Source "ChessBase"]
[SourceDate "2010.11.26"]
[SourceVersion "1"]
[SourceVersionDate "2010.11.26"]
[SourceQuality "1"]

1. e4 e5 2. Nf3 Nf6 3. Bc4 Nc6 4. 0-0 Be7 5. c3 0-0 6. Re1 d6 7. d4 exd4 8. cxd4 Bg4 9. Nc3 Bxf3 10. gxf3 Qd7 11. Kh1 Kh8 12. Rg1 Nh5 13. Be3 Qh3 14. Bf1 Qd7 15. Qd2 Nf6 16. Bc4 Na5 17. Bb5 c6 18. Be2 b5 19. Nxb5 Nb7 20. Nc3 c5 21. Rad1 Rad8 22. Rg2 Qc7 23. Rdg1 Ne8 24. Bb5 Bf6 25. Bg5 cxd4 26. Bxe8 dxc3 27. Bxf6 Rg8 28. Qh6 1-0

[Event "Kaupthing op-B 1st"]
[Site "Differdange"]
[Date "2007.07.10"]
[Round "5"]
[White "Bariani, Sebastien"]
[Black "Ludewig, Robert"]
[Result "1-0"]
[WhiteElo "1700"]
[BlackElo "1910"]
[PlyCount "70"]
[EventDate "2007.07.08"]
[EventType "swiss"]
[EventRounds "9"]
[EventCountry "LUX"]
[SourceTitle "EXT 2008"]
[Source "ChessBase"]
[SourceDate "2007.11.25"]
[SourceVersion "1"]
[SourceVersionDate "2007.11.25"]
[SourceQuality "1"]

1. e4 e5 2. Nf3 Nc6 3. c3 Bc5 4. Nxe5 Bxf2+ 5. Kxf2 Nxe5 6. Qh5 d6 7. d4 Nf6 8. Qe2 Bg4 9. Qc2 Ned7 10. h3 Bh5 11. Bg5 0-0 12. Nd2 Re8 13. Bd3 c5 14. Rae1 cxd4 15. e5 Nxe5 16. Bxh7+ Kh8 17. g4 d3 18. Bxd3 Nxd3+ 19. Qxd3 Bg6 20. Qd4 Re5 21. Nf3 Rb5 22. Re2 Rxg5 23. Nxg5 Qa5 24. h4 Kg8 25. Qc4 d5 26. Qf4 Rc8 27. Rhe1 Be4 28. Nxf7 Rf8 29. Kg1 Rxf7 30. g5 Qb6+ 31. Qf2 Nd7 32. Qxb6 Nxb6 33. b3 Rf4 34. Kh2 Rxh4+ 35. Kg1 Rh1+ 1-0